[Event "4NCL Division Two"]
[Site "Warwick, ENG"]
[Date "2023.02.11"]
[Round "5.26"]
[White "Alizada, Eldar"]
[Black "Pollack, Oscar"]
[Result "0-1"]
[WhiteElo "2086"]
[BlackElo "2107"]
[PlyCount "56"]
[EventDate "2023.02.11"]
[WhiteTeam "SchachAttack"]
[BlackTeam "Barnet Knights A"]

1. d4 Nf6 2. c4 g6 3. Nc3 Bg7 4. e4 d6 5. f3 O-O 6. Be3 a6 7. Bd3 Nbd7 8. Nge2
c5 9. Qd2 cxd4 10. Nxd4 Ne5 11. Be2 Bd7 12. O-O Rc8 13. b3 e6 14. Rfd1 Qe7 15.
Bg5 Rfd8 16. Qe3 Qf8 17. Qf4 Nh5 18. Qh4 f6 19. Be3 Bh6 20. f4 Qg7 21. Bxh5
gxh5 22. Qxh5 b5 23. Bd2 Nd3 24. cxb5 f5 25. Nde2 fxe4 26. Nxe4 Bxb5 27. Bc3
Rxc3 28. N4xc3 Qa7+ 0-1

[Event "4NCL Division Two"]
[Site "Warwick, ENG"]
[Date "2023.02.11"]
[Round "5.27"]
[White "Willmoth, Robert F"]
[Black "Moyse, Nigel John"]
[Result "1-0"]
[WhiteElo "2150"]
[BlackElo "2042"]
[PlyCount "73"]
[EventDate "2023.02.11"]
[WhiteTeam "Barnet Knights A"]
[BlackTeam "SchachAttack"]

1. d4 d5 2. Nf3 Nf6 3. g3 g6 4. Bg2 Bg7 5. c4 c6 6. O-O O-O 7. Nbd2 Nbd7 8. b3
b5 9. a4 bxc4 10. bxc4 Rb8 11. Ba3 Re8 12. a5 Ba6 13. Qa4 Rc8 14. Rac1 e5 15.
cxd5 Nxd5 16. Nc4 Bb5 17. Qb3 Bxc4 18. Rxc4 Qxa5 19. e3 N5b6 20. Rc2 Qb5 21.
Qa2 Qd5 22. Qb1 e4 23. Nd2 f5 24. Rfc1 Bf8 25. Bxf8 Nxf8 26. Rc5 Qe6 27. Bf1
Re7 28. Qa1 f4 29. gxf4 Qg4+ 30. Bg2 Re6 31. h3 Qe2 32. Nxe4 Nfd7 33. R5c2 Qh5
34. Qa2 Nd5 35. Ng5 Rd6 36. Rxc6 Rcxc6 37. Rxc6 1-0

[Event "4NCL Division Two"]
[Site "Warwick, ENG"]
[Date "2023.02.11"]
[Round "5.28"]
[White "Handley, Michael R"]
[Black "Ethelontis, Alexandros N"]
[Result "1-0"]
[WhiteElo "2061"]
[BlackElo "2051"]
[PlyCount "69"]
[EventDate "2023.02.11"]
[WhiteTeam "SchachAttack"]
[BlackTeam "Barnet Knights A"]

1. d4 e6 2. c4 Nf6 3. Nf3 Bb4+ 4. Nbd2 d6 5. a3 Bxd2+ 6. Bxd2 Nbd7 7. Qc2 a5 8.
b3 O-O 9. g3 b6 10. Bg2 Bb7 11. O-O Be4 12. Qb2 Qb8 13. Bc3 Qb7 14. Bh3 Rae8
15. Nd2 Bg6 16. Bg2 Qa6 17. e4 e5 18. Rfe1 c5 19. dxe5 dxe5 20. Rad1 Re7 21.
Nf1 Rd8 22. Ne3 h6 23. Nd5 Nxd5 24. exd5 Bf5 25. d6 Re6 26. Bd5 Rg6 27. Bxe5
Bg4 28. f3 Be6 29. Bc3 Qc8 30. Be4 f5 31. Bb1 Nf8 32. Qd2 Qc6 33. Qf4 Nd7 34.
Bxf5 Rf8 35. Rxe6 1-0

[Event "4NCL Division Two"]
[Site "Warwick, ENG"]
[Date "2023.02.11"]
[Round "5.31"]
[White "Merry, Alan B"]
[Black "Jackson, James P"]
[Result "1-0"]
[WhiteElo "2438"]
[BlackElo "2400"]
[PlyCount "55"]
[EventDate "2023.02.11"]
[WhiteTeam "Barbican 4NCL"]
[BlackTeam "The Rookies"]

1. d4 Nf6 2. c4 g6 3. g3 Bg7 4. Bg2 O-O 5. Nc3 d6 6. Nf3 c5 7. d5 e6 8. O-O
exd5 9. cxd5 Re8 10. Bf4 a6 11. a4 h6 12. Qc1 Kh7 13. Nd2 g5 14. Be3 Ng4 15.
Nc4 Bf5 16. Bd2 Bg6 17. a5 b5 18. axb6 Ne5 19. b7 Ra7 20. Na5 Qc7 21. h3 g4 22.
hxg4 Nxg4 23. Bf3 h5 24. Kg2 Nd7 25. Rh1 Kg8 26. Bf4 Nde5 27. Bxe5 Bxe5 28. Nc6
1-0

[Event "4NCL Division Two"]
[Site "Warwick, ENG"]
[Date "2023.02.11"]
[Round "5.32"]
[White "Burrows, Martin P"]
[Black "Taylor, Martin R"]
[Result "1/2-1/2"]
[WhiteElo "2183"]
[BlackElo "2356"]
[PlyCount "56"]
[EventDate "2023.02.11"]
[WhiteTeam "The Rookies"]
[BlackTeam "Barbican 4NCL"]

1. e4 Nf6 2. e5 Nd5 3. d4 d6 4. c4 Nb6 5. exd6 cxd6 6. Nc3 g6 7. Be3 Bg7 8. Rc1
O-O 9. b3 Bf5 10. Be2 d5 11. c5 Nc8 12. Bf3 e5 13. Bxd5 exd4 14. Bxb7 dxe3 15.
Qxd8 Rxd8 16. Nge2 Nd7 17. Bxa8 Nxc5 18. O-O Nb6 19. Bf3 exf2+ 20. Kh1 Rd2 21.
Rcd1 Bxc3 22. Nxc3 Rb2 23. Be2 Ne4 24. Nxe4 Bxe4 25. Rxf2 Rxa2 26. Kg1 Bd5 27.
b4 a5 28. bxa5 Rxa5 1/2-1/2

[Event "4NCL Division Two"]
[Site "Warwick, ENG"]
[Date "2023.02.11"]
[Round "5.33"]
[White "Pigott, John C"]
[Black "Okhai, Shabir"]
[Result "1-0"]
[WhiteElo "2358"]
[BlackElo "2149"]
[PlyCount "97"]
[EventDate "2023.02.11"]
[WhiteTeam "Barbican 4NCL"]
[BlackTeam "The Rookies"]

1. e4 e5 2. Nf3 Nc6 3. Bb5 a6 4. Ba4 Nf6 5. O-O Nxe4 6. d4 b5 7. Bb3 d5 8. dxe5
Be6 9. Nbd2 Be7 10. c3 O-O 11. Bc2 f5 12. Nb3 Qd7 13. Nfd4 Nxd4 14. Nxd4 c5 15.
Nxe6 Qxe6 16. f3 Ng5 17. Bxg5 Bxg5 18. f4 Be7 19. Qf3 Rad8 20. Rfd1 Rd7 21. Rd2
c4 22. Rad1 Bc5+ 23. Kf1 Rfd8 24. h4 g6 25. h5 Kg7 26. g3 d4 27. cxd4 Bxd4 28.
Rh2 Qd5 29. Qxd5 Rxd5 30. Rhd2 Kf7 31. g4 Ke6 32. Ke2 a5 33. Bb1 R5d7 34. hxg6
hxg6 35. gxf5+ gxf5 36. Rh1 Rg7 37. Kf3 b4 38. Rh6+ Ke7 39. Bxf5 c3 40. bxc3
bxc3 41. Rc2 Rg1 42. Rh7+ Kf8 43. Rch2 Rg7 44. Rh8+ Ke7 45. Rxd8 Kxd8 46. Bc2
Rg1 47. Ke4 Bc5 48. f5 Ra1 49. Kd5 1-0

[Event "4NCL Division Two"]
[Site "Warwick, ENG"]
[Date "2023.02.11"]
[Round "5.34"]
[White "Byron, Alan M"]
[Black "Franklin, Samuel G A"]
[Result "1/2-1/2"]
[WhiteElo "2175"]
[BlackElo "2302"]
[PlyCount "167"]
[EventDate "2023.02.11"]
[WhiteTeam "The Rookies"]
[BlackTeam "Barbican 4NCL"]

1. e4 e5 2. Nf3 Nc6 3. Bb5 a6 4. Ba4 Nf6 5. O-O Be7 6. Re1 b5 7. Bb3 d6 8. c3
O-O 9. h3 Nb8 10. d4 Nbd7 11. Nbd2 Bb7 12. Bc2 Re8 13. Nf1 Bf8 14. Ng3 g6 15.
b3 a5 16. d5 c6 17. c4 Nc5 18. Be3 bxc4 19. bxc4 Nfd7 20. h4 Rc8 21. h5 Ba6 22.
Nd2 Be7 23. Qg4 Nf6 24. Qf3 cxd5 25. cxd5 Qd7 26. Qd1 Bd3 27. Bxc5 Bxc2 28.
Qxc2 Rxc5 29. Qb2 Ng4 30. hxg6 hxg6 31. Nf3 Rec8 32. Rac1 Qa7 33. Rxc5 Qxc5 34.
Nh2 Nxh2 35. Kxh2 Kg7 36. Kg1 Bh4 37. Nf1 Rb8 38. Qd2 Qa3 39. Re3 Qa4 40. Re2
Rb4 41. Qd3 Rd4 42. Qf3 Qd1 43. Rb2 Qe1 44. Rb7 Bf6 45. Qe3 Qxe3 46. Nxe3 Rxe4
47. Rc7 Rd4 48. Rc4 Rd2 49. Rc6 Bg5 50. Nc4 Rd1+ 51. Kh2 Rxd5 52. Nxd6 Be7 53.
Nc4 Bb4 54. g3 e4 55. Kg2 f5 56. a3 Rc5 57. Rxc5 Bxc5 58. Nxa5 Bxa3 59. f3 Kf6
60. g4 fxg4 61. fxe4 Bd6 62. Nc4 Bf4 63. Kf2 Ke6 64. Kg2 Kd7 65. Kf2 g5 66. Ke2
Kc6 67. Ne3 g3 68. Ng2 Kd6 69. Kf3 Ke5 70. Ne1 Kd6 71. Nd3 Ke6 72. Kg2 Kd6 73.
Kf3 Kc6 74. Ke2 Kb5 75. Ne1 Kc4 76. Kf3 Kd4 77. Ng2 Ke5 78. Ne1 g4+ 79. Kxg4
Kxe4 80. Kh3 Ke3 81. Kg2 Bc7 82. Nf3 Ke4 83. Ng1 Kd3 84. Nf3 1/2-1/2

[Event "4NCL Division Two"]
[Site "Warwick, ENG"]
[Date "2023.02.11"]
[Round "5.35"]
[White "Cox, John J"]
[Black "Jones, Christopher M"]
[Result "1/2-1/2"]
[WhiteElo "2303"]
[BlackElo "2130"]
[PlyCount "104"]
[EventDate "2023.02.11"]
[WhiteTeam "Barbican 4NCL"]
[BlackTeam "The Rookies"]

1. c4 e5 2. d3 Nc6 3. Nc3 f5 4. g3 Nf6 5. Bg2 Be7 6. e4 d6 7. Nge2 O-O 8. O-O
Qe8 9. Nd5 Bd8 10. f3 Ne7 11. Nxf6+ Rxf6 12. Bg5 Rg6 13. Qd2 Nc6 14. Be3 Rf6
15. Rae1 Qh5 16. exf5 Qxf5 17. d4 Qh5 18. g4 Qe8 19. h3 Rf8 20. d5 Ne7 21. f4
Ng6 22. f5 Nh8 23. Ng3 Bh4 24. Bf2 Bxg3 25. Bxg3 Qd8 26. Be4 Nf7 27. f6 gxf6
28. Bh4 Ng5 29. Bxg5 fxg5 30. Rxf8+ Kxf8 31. Bxh7 Kg7 32. Qd3 Qe8 33. Rf1 Bd7
34. Bf5 Bxf5 35. Rxf5 Qe7 36. Qe3 Kg6 37. Qe4 Kg7 38. Qe3 Kg6 39. h4 gxh4 40.
Rh5 Rg8 41. Qf3 Qd7 42. Qe4+ Kf6 43. Rh6+ Kg5 44. Rh5+ Kf6 45. Rh6+ Kg5 46.
Qe3+ Kxg4 47. Kh2 Qf5 48. Qg1+ Kf3 49. Qf1+ Ke4 50. Qb1+ Kf4 51. Qf1+ Ke4 52.
Qb1+ Kf4 1/2-1/2

[Event "4NCL Division Two"]
[Site "Warwick, ENG"]
[Date "2023.02.11"]
[Round "5.36"]
[White "Compton, Alistair"]
[Black "Sowray, Peter J"]
[Result "1-0"]
[WhiteElo "2107"]
[BlackElo "2248"]
[PlyCount "95"]
[EventDate "2023.02.11"]
[WhiteTeam "The Rookies"]
[BlackTeam "Barbican 4NCL"]

1. e4 c5 2. c3 Nf6 3. e5 Nd5 4. d4 cxd4 5. Qxd4 e6 6. Bc4 Nc6 7. Qe4 d6 8. exd6
Nf6 9. Qh4 Bxd6 10. Nf3 Bd7 11. Nbd2 O-O 12. Ne4 Nxe4 13. Qxe4 f5 14. Qe2 Kh8
15. O-O Qc7 16. Ng5 Bxh2+ 17. Kh1 Bf4 18. Bxf4 Qxf4 19. Qh5 h6 20. Bxe6 Be8 21.
Nf7+ Bxf7 22. Bxf7 Rad8 23. Rae1 Rd2 24. Re2 Ne5 25. g3 Qf3+ 26. Qxf3 Nxf3 27.
Bc4 Rfd8 28. Kg2 Ng5 29. Rfe1 Ne4 30. Rxd2 Rxd2 31. Re2 Rd1 32. Bb3 Rb1 33. g4
g6 34. gxf5 gxf5 35. Be6 Nd6 36. Rd2 Ne4 37. Rd8+ Kg7 38. Bxf5 Rxb2 39. Bxe4
Rxa2 40. Bxb7 a5 41. Bd5 Rc2 42. c4 a4 43. Ra8 Ra2 44. c5 Rc2 45. c6 Rc5 46.
Kf3 a3 47. Ke4 Rc3 48. Ke5 1-0

[Event "4NCL Division Two"]
[Site "Warwick, ENG"]
[Date "2023.02.11"]
[Round "5.37"]
[White "Navarro Cia, Miguel"]
[Black "Gibson, Christopher A"]
[Result "1/2-1/2"]
[WhiteElo "2242"]
[BlackElo "1846"]
[PlyCount "53"]
[EventDate "2023.02.11"]
[WhiteTeam "Barbican 4NCL"]
[BlackTeam "The Rookies"]

1. e4 c5 2. Nf3 Nc6 3. d4 cxd4 4. Nxd4 Nf6 5. Nc3 e5 6. Ndb5 d6 7. Bg5 a6 8.
Na3 b5 9. Bxf6 gxf6 10. Nd5 f5 11. g3 Bg7 12. Bg2 O-O 13. exf5 Bxf5 14. Ne3 Bd7
15. Qxd6 Qe8 16. Rd1 Rd8 17. O-O e4 18. Qf4 Bxb2 19. Bxe4 f5 20. Bd5+ Kh8 21.
Nb1 Be5 22. Qh4 Bf6 23. Qh6 Bg7 24. Qf4 Be5 25. Qh4 Bf6 26. Qh6 Bg7 27. Qf4
1/2-1/2

[Event "4NCL Division Two"]
[Site "Warwick, ENG"]
[Date "2023.02.11"]
[Round "5.41"]
[White "Berry, Neil"]
[Black "Modi, Shyam Jagdish"]
[Result "1/2-1/2"]
[WhiteElo "2244"]
[BlackElo "2216"]
[PlyCount "46"]
[EventDate "2023.02.11"]
[WhiteTeam "Alba"]
[BlackTeam "The Sharks 2"]

1. d4 Nf6 2. c4 g6 3. Nc3 Bg7 4. e4 d6 5. Nf3 O-O 6. Be2 e5 7. Be3 Nbd7 8. O-O
Re8 9. d5 Nh5 10. g3 Bf8 11. Ne1 Ng7 12. Nd3 Be7 13. Qd2 Rf8 14. f4 f5 15. fxe5
Nxe5 16. Nxe5 dxe5 17. Rad1 b6 18. Bf3 Bd6 19. Bg5 Qd7 20. Bg2 a6 21. Bh3 Qe8
22. Rde1 Bd7 23. Qe2 Kh8 1/2-1/2

[Event "4NCL Division Two"]
[Site "Warwick, ENG"]
[Date "2023.02.11"]
[Round "5.42"]
[White "Onslow, Alfie"]
[Black "Shafi, Declan"]
[Result "1-0"]
[WhiteElo "2227"]
[BlackElo "2221"]
[PlyCount "101"]
[EventDate "2023.02.11"]
[WhiteTeam "The Sharks 2"]
[BlackTeam "Alba"]

1. e4 e5 2. Nf3 Nc6 3. Bc4 Bc5 4. c3 Nf6 5. d3 O-O 6. O-O a5 7. Re1 d6 8. h3 h6
9. Nbd2 Be6 10. Bb5 Qb8 11. Nf1 Qa7 12. Re2 a4 13. Ng3 Qa5 14. Bxc6 bxc6 15. d4
Ba7 16. Be3 Rfe8 17. Qc1 Kh7 18. Nh4 Qb5 19. Rc2 exd4 20. cxd4 Bd7 21. f3 g6
22. Qd2 Nh5 23. Nhf5 Nxg3 24. Nxg3 h5 25. Rac1 Bb6 26. Ne2 Qa5 27. Nc3 Be6 28.
Qf2 Qb4 29. Rd2 a3 30. b3 Ra5 31. Ne2 c5 32. d5 Bd7 33. Rdc2 Raa8 34. Rc4 Qa5
35. Nc3 Qa6 36. Qh4 Kg7 37. Qg5 Rh8 38. e5 Rae8 39. Qf6+ Kg8 40. e6 Bxe6 41.
dxe6 Rxe6 42. Qf4 Kg7 43. Nd5 Qa8 44. Rd1 Qd8 45. Re4 Ba5 46. b4 c6 47. bxa5
cxd5 48. Rxd5 Rf6 49. Qh4 Re6 50. Qxd8 Rxd8 51. Bxc5 1-0

[Event "4NCL Division Two"]
[Site "Warwick, ENG"]
[Date "2023.02.11"]
[Round "5.43"]
[White "Olson, Hamish"]
[Black "Price, Gwilym"]
[Result "1/2-1/2"]
[WhiteElo "2303"]
[BlackElo "2154"]
[PlyCount "93"]
[EventDate "2023.02.11"]
[WhiteTeam "Alba"]
[BlackTeam "The Sharks 2"]

1. d4 Nf6 2. Nf3 g6 3. c3 Bg7 4. g3 O-O 5. Bg2 d6 6. O-O Nbd7 7. Qc2 e5 8. e4
Re8 9. dxe5 dxe5 10. Be3 Qe7 11. h3 b6 12. Nbd2 Bb7 13. b4 a5 14. Rfb1 Rec8 15.
a4 axb4 16. cxb4 c5 17. bxc5 Nxc5 18. Bxc5 Rxc5 19. Qb3 Nxe4 20. Qxb6 Nxd2 21.
Nxd2 Bxg2 22. Kxg2 e4 23. Ra2 Rca5 24. Re1 Rxa4 25. Rxa4 Rxa4 26. Qc6 Rb4 27.
Nxe4 Qb7 28. Qe8+ Bf8 29. Kh2 Qe7 30. Qc6 Qa7 31. Re3 Qa1 32. Qd5 Qd4 33. Qa8
Rb2 34. Rf3 f5 35. Rf4 Kg7 36. Kg2 Qb4 37. Qd5 Qb7 38. Qe5+ Kg8 39. Kh2 Bg7 40.
Qe8+ Bf8 41. Nf6+ Kg7 42. Nd7 Bd6 43. Qd8 Rb1 44. Qf6+ Kg8 45. Qe6+ Kg7 46.
Qf6+ Kg8 47. Qe6+ 1/2-1/2

[Event "4NCL Division Two"]
[Site "Warwick, ENG"]
[Date "2023.02.11"]
[Round "5.44"]
[White "Birtwistle, Nigel"]
[Black "McKay, Roderick M"]
[Result "0-1"]
[WhiteElo "2157"]
[BlackElo "2197"]
[PlyCount "48"]
[EventDate "2023.02.11"]
[WhiteTeam "The Sharks 2"]
[BlackTeam "Alba"]

1. e4 c5 2. c3 d6 3. d4 Nf6 4. Bd3 Qc7 5. Nf3 Bg4 6. Nbd2 e6 7. h3 Bh5 8. O-O
Be7 9. Re1 Nc6 10. dxc5 dxc5 11. Nf1 O-O-O 12. Qc2 Bxf3 13. gxf3 Nh5 14. Qe2
Nf4 15. Bxf4 Qxf4 16. Rad1 Ne5 17. Kg2 Ng6 18. Qe3 Qh4 19. Ng3 Nf4+ 20. Kg1
Nxh3+ 21. Kg2 Nf4+ 22. Kg1 Rxd3 23. Rxd3 g5 24. Ne2 Rg8 0-1

[Event "4NCL Division Two"]
[Site "Warwick, ENG"]
[Date "2023.02.11"]
[Round "5.45"]
[White "Waldhausen Gordon, Frederick"]
[Black "Milson, Samuel A"]
[Result "1-0"]
[WhiteElo "2069"]
[BlackElo "2206"]
[PlyCount "79"]
[EventDate "2023.02.11"]
[WhiteTeam "Alba"]
[BlackTeam "The Sharks 2"]

1. e4 e6 2. Nf3 d5 3. Nc3 Nf6 4. e5 Nfd7 5. d4 c5 6. dxc5 Nc6 7. Bf4 Bxc5 8.
Bd3 f6 9. exf6 Nxf6 10. O-O O-O 11. Qe2 a6 12. Rad1 Bd6 13. Bxd6 Qxd6 14. Rfe1
Qf4 15. Ne5 Qh4 16. g3 Qh3 17. f3 Nxe5 18. Qxe5 Bd7 19. Ne2 Rae8 20. Nf4 Qh6
21. h4 Bc8 22. Kg2 Kh8 23. Re2 Rg8 24. Qg5 Qxg5 25. hxg5 e5 26. Ng6+ hxg6 27.
Rh1+ Nh7 28. Bxg6 Rgf8 29. Bxe8 Rxe8 30. g6 Bf5 31. Rxh7+ Kg8 32. Rh5 Bxg6 33.
Rhxe5 Rd8 34. Rd2 d4 35. Rg5 Rd6 36. Rg4 Rb6 37. b3 Rf6 38. Rgxd4 Be8 39. Rf4
Rc6 40. Rd8 1-0

[Event "4NCL Division Two"]
[Site "Warwick, ENG"]
[Date "2023.02.11"]
[Round "5.46"]
[White "Lentzos, Ioanis"]
[Black "White, Stuart A"]
[Result "1/2-1/2"]
[WhiteElo "2181"]
[BlackElo "2021"]
[PlyCount "220"]
[EventDate "2023.02.11"]
[WhiteTeam "The Sharks 2"]
[BlackTeam "Alba"]

1. d4 Nf6 2. c4 e6 3. Nf3 d5 4. Nc3 Bb4 5. cxd5 exd5 6. Bg5 h6 7. Bh4 O-O 8. e3
Bf5 9. Be2 Nbd7 10. Qb3 Bxc3+ 11. Qxc3 g5 12. Bg3 Ne4 13. Qb3 Ndf6 14. Rc1 c5
15. O-O c4 16. Qxb7 Nxg3 17. fxg3 Rb8 18. Qxa7 Rxb2 19. Ne5 Be6 20. Bd1 Nd7 21.
Nc6 Qa8 22. Qxa8 Rxa8 23. a4 Ra6 24. Ne7+ Kf8 25. Nf5 h5 26. Ra1 g4 27. Nh4 Ke7
28. Nf5+ Kf8 29. Nh4 Ke7 30. Rc1 Nb6 31. Nf5+ Kf8 32. h3 Nxa4 33. hxg4 hxg4 34.
Bxg4 Nb6 35. Rf2 Raa2 36. Rxb2 Rxb2 37. Nh6 Bxg4 38. Nxg4 Ke7 39. Nf2 Re2 40.
Nd1 Kd6 41. Kf1 Ra2 42. Nc3 Rb2 43. g4 Rb4 44. Ke2 Na4 45. Nxa4 Rxa4 46. Rb1
Ra2+ 47. Kf3 Ra6 48. g5 Kc6 49. Rb8 Rb6 50. Rc8+ Kd6 51. Rd8+ Kc6 52. Rc8+ Kd6
53. g4 Rc6 54. Ra8 c3 55. Ra1 c2 56. Rc1 Ke7 57. Ke2 Rg6 58. Rxc2 Rxg5 59. Kf3
f5 60. Rg2 fxg4+ 61. Rxg4 Rh5 62. Rg6 Rh4 63. Rg4 Rh5 64. Rg8 Rh4 65. Rg5 Kd6
66. Rg4 Rh6 67. Rg8 Rh4 68. Re8 Rh1 69. Re5 Rf1+ 70. Kg4 Rg1+ 71. Kf5 Rf1+ 72.
Kg6 Rf3 73. Kg5 Rf1 74. Rf5 Rg1+ 75. Kh4 Rh1+ 76. Kg3 Rg1+ 77. Kf2 Rg6 78. Ke2
Rg1 79. Rf6+ Ke7 80. Rh6 Rg4 81. Kd3 Rg3 82. Rh5 Kd6 83. Re5 Rg1 84. Kc3 Rc1+
85. Kd2 Rh1 86. Ke2 Rh2+ 87. Kf3 Rh1 88. Rg5 Rf1+ 89. Kg2 Rf6 90. Kh3 Rf1 91.
Rg6+ Ke7 92. Kg4 Rf2 93. Rg5 Kd6 94. Rf5 Rg2+ 95. Kf3 Rg6 96. e4 dxe4+ 97. Kxe4
Kd7 98. Rf7+ Kd8 99. Kd5 Rh6 100. Kc5 Rg6 101. Kb5 Rh6 102. Kc5 Rg6 103. Rh7
Rg5+ 104. d5 Rg6 105. Rh1 Rf6 106. d6 Rf2 107. Rd1 Kd7 108. Kb4 Rf6 109. Ka3
Rxd6 110. Rxd6+ Kxd6 1/2-1/2

[Event "4NCL Division Two"]
[Site "Warwick, ENG"]
[Date "2023.02.11"]
[Round "5.47"]
[White "Vijayakumar, Rishi"]
[Black "Head, Louise"]
[Result "1-0"]
[WhiteElo "1745"]
[BlackElo "2091"]
[PlyCount "97"]
[EventDate "2023.02.11"]
[WhiteTeam "Alba"]
[BlackTeam "The Sharks 2"]

1. d4 d5 2. c4 e6 3. Nc3 a6 4. cxd5 exd5 5. Nf3 c6 6. a4 Nf6 7. Bg5 h6 8. Bh4
Be7 9. Qc2 O-O 10. e3 Re8 11. Bd3 Nbd7 12. O-O a5 13. Bg3 Nf8 14. h3 Bd6 15.
Ne5 Qe7 16. Rae1 Bd7 17. f4 Bb4 18. Bh4 Qd6 19. Re2 Rec8 20. Qb3 Be8 21. g4
N6d7 22. Kh2 Bxc3 23. bxc3 c5 24. Bb5 Ne6 25. Bg3 Nc7 26. Nxd7 Bxd7 27. f5 Qb6
28. dxc5 Qxc5 29. Bxd7 Rd8 30. Bb5 Nxb5 31. Qxb5 Qxc3 32. Rd1 d4 33. Rd3 Qa1
34. exd4 Rac8 35. Qxa5 Rxd4 36. Qe5 Rxa4 37. Qxa1 Rxa1 38. Rb3 Ra7 39. Bf2 Ra5
40. Rxb7 h5 41. Rbe7 Rc4 42. R7e4 Rc6 43. Re5 Ra4 44. g5 Rf4 45. Kg2 Rc3 46.
R2e4 Rxe4 47. Rxe4 Rc6 48. Kg3 Kf8 49. Bd4 1-0

[Event "4NCL Division Two"]
[Site "Warwick, ENG"]
[Date "2023.02.11"]
[Round "5.48"]
[White "Modi, Kishan Jagdish"]
[Black "Werner, Rosalie"]
[Result "1-0"]
[WhiteElo "2107"]
[BlackElo "1769"]
[PlyCount "115"]
[EventDate "2023.02.11"]
[WhiteTeam "The Sharks 2"]
[BlackTeam "Alba"]

1. c4 Nf6 2. g3 g6 3. Bg2 Bg7 4. Nf3 d6 5. Nc3 O-O 6. O-O Nbd7 7. e4 e5 8. d4
a6 9. Re1 exd4 10. Nxd4 Ng4 11. Qxg4 Bxd4 12. Qe2 Nc5 13. Be3 Bg7 14. Rad1 Qe8
15. Bd4 Be6 16. Bxg7 Kxg7 17. e5 Bf5 18. b4 Na4 19. Nxa4 Qxa4 20. exd6 cxd6 21.
Qb2+ Kg8 22. Rxd6 Rab8 23. h4 Be6 24. h5 Bxc4 25. Qf6 gxh5 26. Re5 Qc2 27. Rg5+
Qg6 28. Rxg6+ hxg6 29. Bd5 Bxd5 30. Rxd5 Rbc8 31. Rd7 Rc6 32. Qd4 b5 33. Rd8
Rxd8 34. Qxd8+ Kg7 35. Qd5 Re6 36. Kf1 Kh7 37. f4 Kg7 38. Kg2 Kg8 39. Kf3 Kg7
40. Qd4+ Kh7 41. Qc3 Kg8 42. f5 gxf5 43. Kf4 Kh7 44. Kg5 Rg6+ 45. Kxf5 Kg8 46.
Qe5 Kh7 47. Qb8 Kg7 48. Qd8 Kh7 49. Qf8 Rg7 50. Kf6 Rg6+ 51. Kxf7 Rxg3 52. Qc5
Rg7+ 53. Kf6 Rg6+ 54. Kf5 Rg7 55. Qc6 h4 56. Qe8 h3 57. Qh5+ Kg8 58. Qxh3 1-0

[Event "4NCL Division Two"]
[Site "Warwick, ENG"]
[Date "2023.02.11"]
[Round "5.51"]
[White "Grant, David J"]
[Black "Taylor, Adam A"]
[Result "1-0"]
[WhiteElo "2207"]
[BlackElo "2252"]
[PlyCount "77"]
[EventDate "2023.02.11"]
[WhiteTeam "Sussex Martlets 1"]
[BlackTeam "North East England"]

1. e4 c5 2. Nf3 Nc6 3. Bb5 g6 4. O-O Bg7 5. c3 a6 6. Ba4 b5 7. Bc2 d6 8. a4 b4
9. h3 Nf6 10. d4 cxd4 11. cxd4 O-O 12. Be3 b3 13. Bxb3 Rb8 14. Nbd2 Na5 15. Ba2
Rxb2 16. Qc1 Rb8 17. Qc3 Bd7 18. e5 Rc8 19. Qa3 Ne8 20. Rac1 Nc6 21. Nc4 d5 22.
Nb2 Bf5 23. Rc5 Qb6 24. Bxd5 Nb4 25. Nc4 Qxc5 26. dxc5 Nxd5 27. Nb6 Rd8 28.
Nxd5 Rxd5 29. c6 Bxe5 30. Nxe5 Rxe5 31. Qc3 f6 32. Qc4+ Kg7 33. Qxa6 Nd6 34.
Rd1 Re4 35. a5 Rc8 36. g4 Be6 37. Rxd6 exd6 38. Qb7+ Kg8 39. Bh6 1-0

[Event "4NCL Division Two"]
[Site "Warwick, ENG"]
[Date "2023.02.11"]
[Round "5.52"]
[White "Walker, David J"]
[Black "Kolani, Arjun"]
[Result "1-0"]
[WhiteElo "2244"]
[BlackElo "2177"]
[PlyCount "119"]
[EventDate "2023.02.11"]
[WhiteTeam "North East England"]
[BlackTeam "Sussex Martlets 1"]

1. c4 c5 2. Nf3 Nf6 3. Nc3 d5 4. cxd5 Nxd5 5. e3 Nxc3 6. bxc3 g6 7. Bc4 Bg7 8.
h4 O-O 9. Qc2 a6 10. a4 Nc6 11. h5 Bf5 12. e4 Bg4 13. Nh2 Bd7 14. Be2 b5 15.
Bb2 Rb8 16. O-O Be6 17. Rab1 bxa4 18. Ba3 Qa5 19. Ng4 gxh5 20. Ne3 Rfd8 21. Bc4
Ne5 22. Bxe6 fxe6 23. Rxb8 Rxb8 24. Ra1 Rb3 25. f4 Nc6 26. e5 Qb5 27. Kf2 Na5
28. Qe4 Qd7 29. Ke2 Qb5+ 30. Kf3 Nc6 31. Bc1 c4 32. Nxc4 Nb4 33. Ne3 Nd3 34.
Ba3 Bh6 35. g3 Rb1 36. Rxb1 Qxb1 37. Qa8+ Kf7 38. Ke2 Qb5 39. c4 Qb3 40. Qe4
Nxf4+ 41. gxf4 Qxa3 42. Qxh7+ Bg7 43. f5 Qb2 44. fxe6+ Kf8 45. Qxh5 Kg8 46.
Qe8+ Kh7 47. Qxa4 Qxe5 48. Qxa6 Qh5+ 49. Ke1 Qh1+ 50. Kf2 Qh4+ 51. Kf3 Qh1+ 52.
Kg4 Qe4+ 53. Kg3 Qe5+ 54. Kf3 Qh5+ 55. Ke4 Qg6+ 56. Kd5 Qd3+ 57. Kc6 Qd6+ 58.
Kb7 Qb4+ 59. Qb5 Qd6 60. Qf5+ 1-0

[Event "4NCL Division Two"]
[Site "Warwick, ENG"]
[Date "2023.02.11"]
[Round "5.53"]
[White "Brewer, Callum D"]
[Black "Turner, Max N"]
[Result "0-1"]
[WhiteElo "2143"]
[BlackElo "2255"]
[PlyCount "132"]
[EventDate "2023.02.11"]
[WhiteTeam "Sussex Martlets 1"]
[BlackTeam "North East England"]

1. e4 e5 2. Nf3 Nc6 3. Nc3 Nf6 4. h3 d5 5. exd5 Nxd5 6. Bb5 Nxc3 7. bxc3 Bd6 8.
d4 exd4 9. O-O O-O 10. cxd4 Bf5 11. Bg5 f6 12. Be3 Ne7 13. c4 c6 14. Ba4 Be6
15. Qd3 Qa5 16. Bb3 Bf7 17. Bd2 Qh5 18. Rfe1 Rfe8 19. Re2 Qf5 20. Qc3 Qd7 21.
Rae1 Ng6 22. Re4 Bc7 23. Bc2 Rad8 24. h4 Nf8 25. Bd3 Bh5 26. Bc2 Bf7 27. Bd3 a6
28. Qb4 Rxe4 29. Bxe4 Bb8 30. Qb1 Bxc4 31. Bb4 h6 32. h5 Bf7 33. Bf5 Qd5 34.
Re7 b6 35. Rb7 c5 36. Be4 Qxa2 37. Qxa2 Bxa2 38. Bc3 cxd4 39. Bxd4 Ne6 40. Rxb6
Nxd4 41. Nxd4 Be5 42. Rxa6 Rxd4 43. Ra8+ Kf7 44. Bg6+ Ke7 45. f4 Rd1+ 46. Kf2
Bd4+ 47. Ke2 Ra1 48. Re8+ Kd7 49. Kd3 Bb1+ 50. Kxd4 Bxg6 51. Rg8 Bxh5 52. Rxg7+
Ke6 53. Rh7 Rg1 54. Rxh6 Bg4 55. Rh2 Kf5 56. Ke3 Re1+ 57. Kf2 Re2+ 58. Kg3 Re3+
59. Kf2 Kxf4 60. Rh6 Re2+ 61. Kf1 f5 62. Rb6 Kg3 63. Rb3+ Kh2 64. g3 Rg2 65.
Rb8 Kxg3 66. Rb3+ Bf3 0-1

[Event "4NCL Division Two"]
[Site "Warwick, ENG"]
[Date "2023.02.11"]
[Round "5.54"]
[White "Stubbs, Oliver"]
[Black "Willson, Ollie"]
[Result "1-0"]
[WhiteElo "2179"]
[BlackElo "2121"]
[PlyCount "83"]
[EventDate "2023.02.11"]
[WhiteTeam "North East England"]
[BlackTeam "Sussex Martlets 1"]

1. d4 Nf6 2. Nf3 d5 3. Bf4 c5 4. e3 Nc6 5. Nbd2 Qb6 6. dxc5 Qxb2 7. Rb1 Qc3 8.
Bb5 g6 9. e4 dxe4 10. Be5 Qa5 11. O-O exf3 12. Bxc6+ bxc6 13. Qxf3 Nd5 14. Bxh8
Qxd2 15. c4 f6 16. Rfd1 Qc3 17. cxd5 Qxf3 18. gxf3 Bf5 19. Rb7 O-O-O 20. Rxa7
Kb8 21. Ra6 cxd5 22. Rd4 Kb7 23. Rda4 Kc7 24. Rb6 Rc8 25. Ra7+ Kd8 26. c6 Bh6
27. Kf1 d4 28. Ke2 d3+ 29. Kd1 Bh3 30. Bxf6 Bg2 31. Bxe7+ Ke8 32. Bb4 Bxf3+ 33.
Ke1 d2+ 34. Bxd2 Rd8 35. Rd7 Bxd2+ 36. Kxd2 Rxd7+ 37. cxd7+ Kxd7 38. Ke3 Bd5
39. a4 Kc7 40. Rb2 g5 41. a5 Bb7 42. Kd4 1-0

[Event "4NCL Division Two"]
[Site "Warwick, ENG"]
[Date "2023.02.11"]
[Round "5.55"]
[White "Miller, Dominic"]
[Black "Dargan, Paul A G"]
[Result "1/2-1/2"]
[WhiteElo "2124"]
[BlackElo "2166"]
[PlyCount "91"]
[EventDate "2023.02.11"]
[WhiteTeam "Sussex Martlets 1"]
[BlackTeam "North East England"]

1. e4 c5 2. Nf3 Nc6 3. Bb5 g6 4. O-O Bg7 5. c3 Nf6 6. Re1 O-O 7. h3 Qb6 8. a4
a6 9. Bxc6 Qxc6 10. d4 d5 11. e5 Ne4 12. Be3 Bf5 13. dxc5 Rad8 14. b4 f6 15.
Nd4 Qc8 16. f3 fxe5 17. Nxf5 gxf5 18. fxe4 dxe4 19. Qb3+ Kh8 20. Bf2 Rg8 21.
Na3 Bh6 22. Rad1 e3 23. Bxe3 Qc6 24. Qc2 Bxe3+ 25. Kf1 Rxd1 26. Rxd1 Qh6 27.
Qe2 Qf4+ 28. Qf3 Qh2 29. g4 fxg4 30. Qxe3 gxh3 31. Rd2 Rg2 32. Rf2 Qg1+ 33. Ke2
Rxf2+ 34. Qxf2 h2 35. Qf8+ Qg8 36. Qf3 e4 37. Qxe4 Qg1 38. Qxe7 Qg2+ 39. Ke3
Qg3+ 40. Ke2 Qg2+ 41. Ke3 Qg3+ 42. Ke2 h5 43. Qf8+ Kh7 44. Qf7+ Kh6 45. Qf6+
Kh7 46. Qf7+ 1/2-1/2